К вопросу о некоторых особенностях гуманитарного и естественно-научного стилей мышления в современной научной постнеклассической парадигме; Современные техника и технологии; Т. 3

Bibliografske podrobnosti
Parent link:Современные техника и технологии: 14 Международная научно-практическая конференция студентов, аспирантов и молодых ученых, г. Томск, 24-28 марта 2008 г./ Томский политехнический университет (ТПУ).— , 2008
Т. 3.— 2008.— С. 576-578
Glavni avtor: Иванова Е. М.
Jezik:ruščina
Izdano: 2008
Teme:
Format: MixedMaterials Book Chapter
KOHA link:https://koha.lib.tpu.ru/cgi-bin/koha/opac-detail.pl?biblionumber=153644

MARC

LEADER 00000naa2a2200000 4500
001 153644
005 20231031151456.0
035 |a (RuTPU)RU\TPU\book\166684 
090 |a 153644 
100 |a 20090214d2008 k y0rusy50 ca 
101 0 |a rus 
102 |a RU 
200 1 |a К вопросу о некоторых особенностях гуманитарного и естественно-научного стилей мышления в современной научной постнеклассической парадигме  |f Е. М. Иванова 
320 |a Библиогр.: 10 назв. 
461 1 |0 (RuTPU)RU\TPU\book\156858  |t Современные техника и технологии  |o 14 Международная научно-практическая конференция студентов, аспирантов и молодых ученых, г. Томск, 24-28 марта 2008 г.  |o труды  |o в 3 т.  |f Томский политехнический университет (ТПУ)  |d 2008 
463 0 |0 (RuTPU)RU\TPU\book\155178  |t Т. 3  |v С. 576-578  |d 2008  |p 621 с. 
610 1 |a мышление 
610 1 |a стили мышления 
610 1 |a парадигмы 
610 1 |a постнеклассическая парадигма 
610 1 |a сознание 
610 1 |a гуманитарное мышление 
610 1 |a естественнонаучное мышление 
610 1 |a наука 
610 1 |a труды учёных ТПУ 
700 1 |a Иванова  |b Е. М. 
801 1 |a RU  |b 63413507  |c 20090214  |g PSBO 
801 2 |a RU  |b 63413507  |c 20141111  |g PSBO 
942 |c BK